|
|
|
|
| LEADER |
01015nam a2200253 a 4500 |
| 001 |
11787701 |
| 008 |
100930m20112010maua b 001 0 eng d |
| 010 |
|
|
|a 99047374
|
| 020 |
|
|
|a 9788131727591
|
| 020 |
|
|
|a 0201357429
|
| 040 |
|
|
|a DLC
|c DLC
|d DLC
|d DB-DhAAL
|
| 082 |
0 |
0 |
|a 004.6
|2 21
|
| 100 |
1 |
|
|a Subramanian, Mani.
|
| 245 |
1 |
0 |
|a Network management :
|b principles and practice /
|c Mani Subramanian, with contributions from Timothy A. Gonsalves, N. Usha Rani
|
| 260 |
|
|
|a Reading, Mass. ;
|a New Delhi; :
|b Pearson/Addison-Wesley,
|c c2010.
|
| 300 |
|
|
|a xxvi, 695 p. :
|b ill. ;
|c 24 cm.
|
| 504 |
|
|
|a Includes bibliographical references and index.
|
| 541 |
1 |
|
|e 00021158
|
| 650 |
|
0 |
|a Computer networks
|x Management.
|
| 700 |
1 |
|
|a Gonsalves, Timothy A.
|
| 700 |
1 |
|
|a Rani, N. Usha
|
| 852 |
4 |
|
|a Ayesha Abed Library
|j General Shelf.
|
| 999 |
|
|
|c 9594
|d 9594
|
| 952 |
|
|
|0 0
|1 0
|2 ddc
|4 0
|6 004_600000000000000_SUB_2010
|7 0
|9 12209
|a BRACUL
|b BRACUL
|c GEN
|d 2010-09-30
|l 1
|m 10
|o 004.6 SUB
|p 3010021158
|r 2013-04-09
|s 2012-10-21
|t 1
|w 2010-09-30
|y BK
|